Avengers Infinity War Lines - Statistics

General Stats
  • This quiz has been taken 62 times
  • The average score is 15 of 21
Answer Stats
Hint Answer % Correct
You really are the worst brother Thor
100%
I am Steve Rogers Captain America
96%
It's Nanotech, you like it? Iron Man
96%
I am Groot Groot
94%
Well for one thing, I'm not Asgardian and for another, we have a hulk Loki
90%
If anything, it's kind of your fault that I'm here Spider Man
86%
Tony, there was no other way Doctor Strange
84%
I have the power to stand so still that I am invisible to the eye Drax
80%
I know what it's like to lose Thanos
78%
The Soul Stone demands a sacrifice Red Skull
75%
Keep it up and I'm gonna smash that thing to pieces! Rocket
73%
Thanos is coming, he's coming Bruce Banner
67%
Where's the fight? Bucky
61%
Sam, where you at?! War Machine
61%
You might want to pick up the pace Black Panther
57%
I wouldn't say no to a tuna melt Wong
55%
Stonekeeper! Does this chattering animal speak for you? Ebony Maw
53%
He did it Nebula
51%
I'm doing it Falcon
47%
Something's happening Mantis
47%
You got some acorns on you, kid Peter Quill
35%
No matching quizzes found
Score Distribution
Percent of People with Each Score
Percentile by Number Answered
Your Score History
You have not taken this quiz